Central Library OPAC University of Rajshahi
Normal view MARC view

Entry Personal Name

Number of records used in: 20

001 - CONTROL NUMBER

  • control field: 8470

003 - CONTROL NUMBER IDENTIFIER

  • control field: BD-RjUL

005 - DATE AND TIME OF LATEST TRANSACTION

  • control field: 20230822171737.0

008 - FIXED-LENGTH DATA ELEMENTS

  • fixed length control field: 230822|| aca||aabn | a|a d

040 ## - CATALOGING SOURCE

  • Original cataloging agency: BD-RjUL
  • Transcribing agency: BD-RjUL

100 ## - HEADING--PERSONAL NAME

  • Personal name: Rashid, Md. Abdur

670 ## - SOURCE DATA FOUND

  • Source citation: Work cat.: (BD-RjUL)81742: Rashid, Md. Abdur, Promoting factors of SME in Bangladesh : , 2021